[Event "Abrisham Open 2015"]
[Site "Sowme'eh Sara IRI"]
[Date "2015.05.11"]
[Round "6.3"]
[White "Stopa,Ja"]
[Black "Rasmussen,A"]
[Result "1-0"]
[WhiteElo "2528"]
[BlackElo "2502"]

1.d4 d5 2.c4 dxc4 3.e4 Nf6 4.e5 Nd5 5.Bxc4 Nb6 6.Bd3 Nc6 7.Ne2 Bg4 8.f3 Be6
9.Nbc3 Qd7 10.Ne4 Bd5 11.Nc5 Qc8 12.Be3 e6 13.Nf4 Nb4 14.Bb1 Bc6 15.O-O N4d5
16.Qc1 Bxc5 17.dxc5 Nxf4 18.Bxf4 Nd5 19.Bg3 Qd7 20.Rd1 Qe7 21.Rd4 f5 22.exf6 gxf6
23.b4 a5 24.bxa5 Rxa5 25.Rc4 Kd7 26.a3 Kc8 27.Kh1 h5 28.Qe1 Ra6 29.Bd3 Bb5
30.a4 Bxc4 31.Bxc4 h4 32.Bxh4 Qd7 33.Bb5 Rc6 34.a5 Kb8 35.Bg3 Qe7 36.Bxc6 bxc6
37.Rb1+ Ka7 38.a6 Ka8 39.Qc1 Qd7 40.Rb7 e5 41.Be1 Qh7 42.Bg3 Qd3 43.Rb1 Rb8
44.Rxb8+ Kxb8 45.Qb2+ Qb5 46.Qa1 Ka7 47.h4 Qd3 48.Kh2 Ne3 49.Bf2 Nd1 50.Qa5 Qd8
51.Bg3 Qd7 52.Be1 f5 53.Qd2 Qxd2 54.Bxd2 e4 55.h5 e3 56.Bxe3 Nxe3 57.h6  1-0

[Event "Deltalift Open 2015"]
[Site "Tylosand SWE"]
[Date "2015.05.14"]
[Round "4.6"]
[White "Persson,Ande"]
[Black "Westerberg,J"]
[Result "0-1"]
[WhiteElo "1984"]
[BlackElo "2447"]

1.d4 d5 2.c4 dxc4 3.e4 Nf6 4.Nc3 e5 5.d5 b5 6.Bg5 a6 7.f4 h6 8.Bxf6 Qxf6
9.fxe5 Qxe5 10.Nf3 Qf4 11.Qd4 c5 12.Qf2 Bg4 13.Be2 Bxf3 14.Bxf3 Bd6 15.g3 Qe5
16.Rd1 Nd7 17.O-O O-O 18.Bg4 Nf6 19.Bf5 g6 20.Bh3 Kg7 21.Bg2 h5 22.Rd2 h4
23.Ne2 Rae8 24.Kh1 Rh8 25.Nf4 hxg3 26.Qxg3 Nxe4 27.Bxe4 Qxe4+ 28.Kg1 Qe3+  0-1

[Event "Deltalift Open 2015"]
[Site "Tylosand SWE"]
[Date "2015.05.15"]
[Round "5.1"]
[White "Sjodahl,P"]
[Black "Semcesen,D"]
[Result "1-0"]
[WhiteElo "2411"]
[BlackElo "2475"]

1.d4 d5 2.c4 dxc4 3.e4 Nf6 4.e5 Nd5 5.Bxc4 Nb6 6.Bd3 Nc6 7.Be3 Nb4 8.Be4 f5
9.a3 N4d5 10.Bd3 Nxe3 11.fxe3 g6 12.Nc3 Bh6 13.Qf3 c6 14.Nge2 Be6 15.Qh3 Bg5
16.Qg3 Bh6 17.Qh3 Bg5 18.Qg3 Bh6 19.Nf4 Bb3 20.O-O Qd7 21.Rac1 a6 22.Nce2 O-O-O
23.Rc3 Bf7 24.Rfc1 Bxf4 25.Nxf4 Nd5 26.Nxd5 Bxd5 27.b4 Kb8 28.a4 Rc8 29.Rc5 e6
30.Qf2 g5 31.Qb2 h5 32.b5 cxb5 33.axb5 Rxc5 34.Rxc5 axb5 35.Bxb5 Qd8 36.Bd3 Rh7
37.Rc1 Rc7 38.Ra1 Rc8 39.Qa3 Qb6 40.Qa8+ Kc7 41.Rc1+ Bc6 42.Qa3 Kb8 43.Qd6+ Rc7
44.Qd8+  1-0

[Event "Somov Memorial 2015"]
[Site "Kirishi RUS"]
[Date "2015.05.25"]
[Round "6.4"]
[White "Erenberg,Ariel"]
[Black "Tishova,Svetlana"]
[Result "1-0"]
[WhiteElo "2248"]
[BlackElo "1942"]

1.d4 d5 2.c4 dxc4 3.e4 e5 4.Nf3 exd4 5.Bxc4 Nc6 6.O-O Bc5 7.Qb3 Qe7 8.Bg5 f6
9.Bf4 Nh6 10.Nbd2 g5 11.Bg3 Bb6 12.Rfe1 Na5 13.Qd3 Nxc4 14.Nxc4 O-O 15.Nxb6 axb6
16.Nxd4 Nf7 17.Qb3 c5 18.Nf5 Qe6 19.Qf3 Ne5 20.Qh5 Qe8 21.Qh6 Bxf5 22.exf5 Qe7
23.h4 gxh4 24.Qxh4 Qg7 25.Re4 Kh8 26.Rae1 Nf7 27.Re7 Qg5 28.Rxb7 Qxf5 29.Ree7 Kg8
30.a3 Rae8 31.Qc4 Rxe7 32.Rxe7 Qb1+ 33.Kh2 Qf5 34.Re4 Kh8 35.Rf4 Ne5 36.Qe2 Qg6
37.Re4 Qh6+ 38.Rh4 Qg7 39.Kg1 Ng6 40.Ra4 Qd7 41.Qc2 Rd8 42.Rc4 Qd1+ 43.Qxd1 Rxd1+
44.Kh2 Rd2 45.b4 cxb4 46.Rxb4 f5 47.f3 Ra2 48.a4 Ne7 49.Rd4 Kg8 50.Bc7 Rb2
51.Bd6 Kf7 52.Bxe7 Kxe7 53.Rh4 Kd6 54.Rxh7 Ra2 55.Rh4 Ke5 56.Rb4 Ra3 57.Kg3 Ra2
58.Rb5+ Kd6 59.Rxb6+ Ke5 60.Rb5+ Kf6 61.a5 Ra4 62.f4 Ke6 63.Rb6+ Kf7 64.a6 Kg7
65.Rb7+ Kg6 66.a7 Kf6 67.Kh3 Ra3+ 68.Kh4 Ra1 69.Rb6+ Kg7 70.Kg5 Rxa7 71.Kxf5 Ra5+
72.Kg4 Ra2 73.g3 Ra5 74.f5 Kf7 75.Kg5 Ra7 76.g4 Rc7 77.Rh6 Kg7 78.Rg6+ Kf7
79.Kh5 Rc5 80.Ra6 Kg7 81.Ra7+ Kf6 82.Ra6+ Kg7 83.Rd6 Ra5 84.Kg5 Ra7 85.Rh6 Ra5
86.Re6 Kf7 87.Kf4 Ra4+ 88.Re4 Ra1 89.g5 Rg1 90.g6+ Kf6 91.Re6+ Kg7 92.Re7+ Kf8
93.Ra7 Kg8 94.Ke5 Rb1 95.f6 Rb6 96.Ra8+  1-0

[Event "12th Orlova Open A 2015"]
[Site "Orlova CZE"]
[Date "2015.05.29"]
[Round "6.20"]
[White "Lipus,D"]
[Black "Havelka,Ondrej"]
[Result "0-1"]
[WhiteElo "1538"]
[BlackElo "1805"]

1.d4 d5 2.c4 dxc4 3.e4 e5 4.Nf3 exd4 5.Bxc4 Nc6 6.a3 Be6 7.Bxe6 fxe6 8.Qb3 Qd6
9.O-O Nf6 10.Re1 e5 11.Bg5 O-O-O 12.Nbd2 h6 13.Bxf6 Qxf6 14.Rac1 g5 15.Nc4 h5
16.Red1 Bh6 17.Rc2 g4 18.Ne1 d3 19.Rc3 Nd4 20.Qa4 Ne2+ 21.Kf1 Nxc3 22.bxc3 Rhf8  0-1

[Event "12th Orlova Open A 2015"]
[Site "Orlova CZE"]
[Date "2015.05.30"]
[Round "8.32"]
[White "Lipus,D"]
[Black "Majewska,Marianna"]
[Result "1-0"]
[WhiteElo "1538"]
[BlackElo "1269"]

1.d4 d5 2.c4 dxc4 3.e4 e6 4.Bxc4 Nc6 5.d5 Bb4+ 6.Nc3 exd5 7.exd5 Nce7 8.Qa4+ Bd7
9.Qxb4 Nf6 10.Nf3 O-O 11.O-O Bg4 12.Ne5 h6 13.Nxg4 Nxg4 14.h3 Nf6 15.Bf4 b6
16.Rfe1 Re8 17.Rad1 Nf5 18.Bb5 Rxe1+ 19.Rxe1 Nd6 20.Bc6 Rb8 21.Bxd6 cxd6
22.Ne4 Nxe4 23.Qxe4 Qc7 24.Qe7 Qxe7 25.Rxe7 a5 26.Rd7 Re8 27.Kf1 Rc8 28.Rxd6 Rc7
29.Rd8+ Kh7 30.Rb8 Ra7 31.Bb7 b5 32.d6 g6 33.d7 h5 34.d8=Q Kg7 35.Qd4+ Kh7
36.Rh8+  1-0

[Event "64th TCh-BUL Men 2015"]
[Site "Sunny Beach BUL"]
[Date "2015.06.02"]
[Round "3.2"]
[White "Chatalbashev,B"]
[Black "Ivanov,Jo"]
[Result "1/2-1/2"]
[WhiteElo "2541"]
[BlackElo "2363"]

1.d4 d5 2.c4 dxc4 3.e4 Nf6 4.e5 Nd5 5.Bxc4 Nb6 6.Bd3 Nc6 7.Be3 Nb4 8.Be4 f5
9.exf6 exf6 10.Nc3 f5 11.Bb1 N4d5 12.Nf3 Be6 13.O-O Bd6 14.Bd2 O-O 15.Re1 Nxc3
16.bxc3 Bd5 17.Bd3 Qd7 18.Rb1 Bxa2 19.Rb5 c6 20.Ne5 Qc7 21.Rb2 Bd5 22.Bf4 Nc4
23.Rbe2 Bxe5 24.Bxe5 Qf7 25.Bxc4 Bxc4 26.Re3 f4 27.Re4 Qg6 28.Rxf4 Rxf4 29.Bxf4 Rf8
30.Bg3 Re8 31.Be5 Bd5 32.f3 b5 33.Kf2 a5 34.h4 a4 35.Qc1 h6 36.Rh1 Bb3 37.Ke3 c5
38.g4 Bd5 39.Rf1 Rf8 40.Qa3 cxd4+ 41.cxd4 Qc6 42.f4 Qg6 43.Qe7 Qxg4 44.Rc1 Rxf4
45.Bxf4 Qf3+ 46.Kd2 Qxf4+ 47.Qe3 Qxh4 48.Kc3 Qf6 49.Kb4 Bc4 50.Qe8+ Kh7 51.Qe4+ Kg8
52.Qe8+ Kh7 53.Qe4+  1/2-1/2

[Event "45th Bosna Open 2015"]
[Site "Sarajevo BIH"]
[Date "2015.06.04"]
[Round "8.23"]
[White "Hodzic,N"]
[Black "Dedebas,Emre Emin"]
[Result "1/2-1/2"]
[WhiteElo "2210"]
[BlackElo "2036"]

1.d4 d5 2.c4 dxc4 3.e4 c5 4.d5 Nf6 5.Nc3 b5 6.e5 b4 7.Nb5 a6 8.Qa4 Bd7 9.Bxc4 Qb6
10.exf6 Bxb5 11.Qc2 Nd7 12.Ne2 Nxf6 13.b3 g6 14.Bb2 Bg7 15.O-O O-O 16.Ng3 Rad8
17.Rad1 Bxc4 18.bxc4 e6 19.Bxf6 Bxf6 20.Ne4 exd5  1/2-1/2

[Event "Golden Sands Open 2015"]
[Site "Golden Sands BUL"]
[Date "2015.06.09"]
[Round "2.25"]
[White "Chatalbashev,B"]
[Black "Zakharov,Aleksej"]
[Result "1-0"]
[WhiteElo "2545"]
[BlackElo "2273"]

1.d4 d5 2.c4 dxc4 3.e4 b5 4.a4 c6 5.axb5 cxb5 6.Nc3 a6 7.Nxb5 axb5 8.Rxa8 Bb7
9.Ra1 e6 10.f3 f5 11.exf5 Nc6 12.fxe6 Nge7 13.Nh3 Nf5 14.d5 Ncd4 15.Bxc4 Bb4+
16.Kf1 O-O 17.Ba2 Bxd5 18.Bxd5 Qxd5 19.Nf4 Qe5 20.Nd3 Ne3+ 21.Bxe3 Qxe3 22.Nf2 Nb3
23.Qd5 Kh8 24.Rd1 Nd2+ 25.Kg1 h6 26.h4 Nc4 27.Qe4 Qa7 28.Rd7  1-0

[Event "10th Teplice Open 2015"]
[Site "Teplice CZE"]
[Date "2015.06.14"]
[Round "2.5"]
[White "Stefansson,H"]
[Black "Kucera,P1"]
[Result "1-0"]
[WhiteElo "2580"]
[BlackElo "2281"]

1.d4 d5 2.c4 dxc4 3.e4 c5 4.d5 Nf6 5.Nc3 e6 6.Bxc4 exd5 7.Nxd5 Nxd5 8.Bxd5 Be7
9.Ne2 O-O 10.O-O Na6 11.Nc3 Nc7 12.Bf4 Ne6 13.Be3 Qa5 14.f4 Nc7 15.Qe1 Re8
16.Qg3 Nxd5 17.Nxd5 Bd8 18.f5 Rxe4 19.Bh6 g6 20.Qd6  1-0

[Event "50th Capablanca Mem Open"]
[Site "Havana CUB"]
[Date "2015.06.17"]
[Round "3.1"]
[White "Gretarsson,Hj"]
[Black "Aguero Jimenez,L"]
[Result "1/2-1/2"]
[WhiteElo "2571"]
[BlackElo "2442"]

1.d4 d5 2.c4 dxc4 3.e4 e5 4.Nf3 exd4 5.Bxc4 Bb4+ 6.Nbd2 Nc6 7.O-O Nf6 8.Bb5 O-O
9.Qc2 Bd7 10.a3 Bxd2 11.Bxd2 Ne5 12.Nxd4 Bxb5 13.Nxb5 Qd3 14.Qxd3  1/2-1/2

[Event "Albena Open 2015"]
[Site "Albena BUL"]
[Date "2015.06.19"]
[Round "3.18"]
[White "Turov,M"]
[Black "Merry,Alan B"]
[Result "1-0"]
[WhiteElo "2601"]
[BlackElo "2340"]

1.d4 d5 2.c4 dxc4 3.e4 b5 4.a4 c6 5.Nc3 a6 6.axb5 cxb5 7.Nxb5 axb5 8.Rxa8 Bb7
9.Ra1 e6 10.f3 Nc6 11.Be3 Bb4+ 12.Kf2 Nge7 13.b3 f5 14.bxc4 bxc4 15.Bxc4 fxe4
16.fxe4 O-O+ 17.Nf3 Ng6 18.Rf1 Qh4+ 19.Kg1 Qxe4 20.Qd3 Qg4 21.h3 Qg3 22.Bxe6+ Kh8
23.d5 Nd8 24.Bf5 Bd6 25.Bxg6 hxg6 26.Ra4 Bc8 27.Bf2 Rxf3 28.Bxg3 Bc5+ 29.Qd4  1-0

[Event "19th Voronezh Master Open"]
[Site "Voronezh RUS"]
[Date "2015.06.20"]
[Round "9.1"]
[White "Bukavshin,I"]
[Black "Lintchevski,D"]
[Result "1/2-1/2"]
[WhiteElo "2647"]
[BlackElo "2557"]

1.d4 d5 2.c4 dxc4 3.e4 e5 4.Nf3 exd4 5.Bxc4 Bb4+ 6.Nbd2 Nc6 7.O-O Nf6 8.e5 Nd5
9.Nb3 Nb6 10.Bb5 Qd5 11.Bxc6+ Qxc6 12.Bd2 Be7 13.Nfxd4 Qa4 14.Qf3 c5 15.Nf5 Bxf5
16.Qxf5 O-O 17.Rfc1 Qd7 18.Qe4 Na4 19.Be3 Rac8 20.Na5 b6 21.Nc4 b5 22.b3 bxc4
23.bxa4 Qxa4 24.Rxc4 Qd7 25.Rac1 Rfd8 26.g3 Qe6 27.Ra4 Rc7 28.Qc4 Qf5 29.Ra6 Rcd7
30.e6 fxe6 31.Rxe6 Qf7 32.Kg2 Rc8 33.Ra6 Qxc4 34.Rxc4 Rb7 35.Kf3 Rb4 36.Rxb4 cxb4
37.Rxa7 Bf6 38.Ke4 b3 39.axb3 Rb8 40.g4 Rxb3 41.g5 Bb2 42.Ra8+ Kf7 43.Kf5 g6+
44.Kg4 Rb4+ 45.f4 Bd4 46.Bc1 Rc4 47.Ba3 Be5 48.Ra7+ Kg8 49.Ra8+ Kf7 50.Rf8+ Kg7
51.h4 Bc7 52.h5 gxh5+ 53.Kxh5 Bxf4 54.Re8 Bg3 55.Re7+ Kg8 56.Re8+ Kg7 57.Re7+ Kg8
58.Re8+ Kg7 59.Re7+ Kg8  1/2-1/2

[Event "15th IPCA WCh 2015"]
[Site "Bratislava SVK"]
[Date "2015.06.21"]
[Round "3.16"]
[White "Sergeeva,Anna"]
[Black "Kuchyna,S"]
[Result "0-1"]
[WhiteElo "1243"]
[BlackElo "1928"]

1.d4 d5 2.c4 dxc4 3.e4 e5 4.Nf3 exd4 5.Qxd4 Qxd4 6.Nxd4 Nf6 7.Nb5 Na6 8.N1c3 c6
9.Nd4 Bb4 10.Bxc4 Nxe4 11.Bxa6 Nxc3 12.Bd2 Nd5 13.Bxb4 Nxb4 14.Bc4 O-O 15.O-O Rd8
16.Rad1 Bg4 17.f3 Bh5 18.Nf5 Bg6 19.Ne7+ Kf8 20.Nxg6+ hxg6 21.Rde1 Rd2 22.Rf2 Rad8
23.Rfe2 Nc2 24.Re7 Nxe1 25.Rxf7+ Ke8 26.Rxg7 Rxg2+ 27.Kf1 Rdd2 28.Kxe1 Rxb2
29.Bd3 Rxa2 30.Kf1 Rgd2 31.Bxg6+ Kf8  0-1

[Event "Visma IMB 2015"]
[Site "Vaxjo SWE"]
[Date "2015.06.24"]
[Round "1.2"]
[White "Olofsson-Dolk,Mattis"]
[Black "Christiansen,Johan-Sebastian"]
[Result "1-0"]
[WhiteElo "2238"]
[BlackElo "2398"]

1.d4 d5 2.c4 dxc4 3.e4 e5 4.Nf3 Bb4+ 5.Nc3 exd4 6.Nxd4 Nf6 7.Qa4+ c6 8.Qxb4 Qxd4
9.Be3 Qe5 10.Bxc4 b5 11.Be2 a5 12.Qd4 Qe6 13.e5 Nfd7 14.Bg4 Qg6 15.Qe4 O-O
16.Qxg6 hxg6 17.f4 Re8 18.Bf3 g5 19.O-O-O Ba6 20.g3 f6 21.Bg4 Nf8 22.Bc5 fxe5
23.fxg5 Bc8 24.Bf3 Ra6 25.Ne4 Be6 26.Bh5 Rc8 27.Bxf8 Kxf8 28.Nc5 Bd5 29.Nxa6 Nxa6
30.Rhf1+ Ke7 31.Bg4 Rh8 32.h4 Nc5 33.Rf5 Kd6 34.Rf7 Rg8 35.Bf5 e4 36.Bh7 Re8
37.Rxg7 e3 38.h5 e2 39.Re1 Bxa2 40.Bc2 Kd5 41.h6 Kd4 42.h7 Ke3 43.Re7+ Rxe7
44.h8=Q Kf2 45.Qd4+ Kxe1 46.Qg1+  1-0

[Event "3rd DC International 2015"]
[Site "Arlington USA"]
[Date "2015.06.26"]
[Round "2"]
[White "Jayakumar,A"]
[Black "Korley,K"]
[Result "0-1"]
[WhiteElo "2291"]
[BlackElo "2435"]

1.d4 d5 2.c4 dxc4 3.e4 Nf6 4.Nc3 c5 5.d5 b5 6.e5 b4 7.exf6 bxc3 8.bxc3 exf6
9.Bxc4 Bd6 10.Nf3 O-O 11.O-O Bg4 12.Be2 Re8 13.Re1 Nd7 14.Be3 Nb6 15.Kh1 Qd7
16.Qd3 Bf5 17.Qd2 Be4 18.c4 Bxf3 19.gxf3 Qh3 20.f4 f5 21.Rg1 g6 22.Bd3 Qf3+
23.Rg2 Rab8 24.Kg1 Qh3 25.Rb1 Nxc4 26.Rxb8 Nxd2 27.Rxe8+ Kg7 28.Be2 Nf3+
29.Kh1 Nd4 30.Rd8 Nxe2 31.Rxd6 Qf3 32.Rd8 h5 33.d6 h4 34.d7 h3 35.Rg8+ Kxg8
36.d8=Q+ Kg7 37.Qg5 Qe4 38.f3 hxg2+  0-1

[Event "Visma IMA 2015"]
[Site "Vaxjo SWE"]
[Date "2015.06.27"]
[Round "6.2"]
[White "Lindgren,P"]
[Black "Kvisvik,B"]
[Result "0-1"]
[WhiteElo "2374"]
[BlackElo "2293"]

1.d4 d5 2.c4 dxc4 3.e4 Nf6 4.e5 Nd5 5.Bxc4 Nb6 6.Bd3 Nc6 7.Be3 Nb4 8.Be4 f5
9.exf6 exf6 10.Nc3 f5 11.Bb1 N4d5 12.Bd2 Bd6 13.Qf3 c6 14.Nge2 O-O 15.O-O Qh4
16.g3 Qf6 17.Bc2 Be6 18.Rad1 Nxc3 19.Nxc3 Nd5 20.Bb3 Nxc3 21.bxc3 f4 22.g4 Kh8
23.Rfe1 Bd7 24.h3 Qg6 25.Kh1 Rf6 26.Re4 Qg5 27.Rde1 Raf8 28.Be6 Be8 29.c4 h5
30.Bc3 Rh6 31.d5 Bg6 32.R4e2 hxg4 33.Bxg4 Bd3 34.Re6 Rxe6 35.Bxe6 Bg6 36.Rg1 Qh6
37.dxc6 bxc6 38.Qxc6 Be7 39.Qb7 Re8 40.Bd7 Bg5 41.Qg2 Re2 42.Bg4 Be4 43.Bf3 Rxf2
44.Bxg7+ Kxg7 45.Qxg5+ Qxg5 46.Rxg5+ Kf6 47.Ra5 Bxf3+ 48.Kg1 Rg2+ 49.Kf1 Rc2
50.Rxa7 Ke5 51.h4 Kd4 52.Ra3 Be4 53.h5 Bd3+  0-1

[Event "3rd DC International 2015"]
[Site "Arlington USA"]
[Date "2015.06.28"]
[Round "6"]
[White "Ashwin,J"]
[Black "Brown,Michael William"]
[Result "1-0"]
[WhiteElo "2490"]
[BlackElo "2354"]

1.d4 d5 2.c4 dxc4 3.e4 e5 4.Nf3 exd4 5.Bxc4 Nc6 6.O-O Be6 7.Bxe6 fxe6 8.Qb3 Qd7
9.Qxb7 Rb8 10.Qa6 Nf6 11.Qe2 e5 12.Ne1 Bd6 13.Nd2 O-O 14.Nc4 Qe6 15.Bd2 Bb4
16.Bxb4 Nxb4 17.b3 Nd7 18.Nd3 Nxd3 19.Qxd3 Nc5 20.Qe2 Rbd8 21.Rac1 d3 22.Qe3 Rd4
23.f3 Rfd8 24.Rfd1 h6 25.Rc3 R8d7 26.h3 Rd8 27.Kh1 Kh7 28.Nb2 Qd6 29.Rd2 Rd7
30.Qe1 Qf8 31.Qc1 Ne6 32.Rcxd3 c5 33.Rxd4 cxd4 34.Nd3 Qf6 35.Rc2 Nf4 36.Nxf4 exf4
37.Rc6 Qh4 38.Qd2 d3 39.Rc3 Qd8 40.e5 Rd4 41.e6 Qd6 42.e7 Qxe7 43.Rxd3 Rxd3
44.Qxd3+ Kh8 45.Qd2 Qa3 46.Kg1 a5 47.Kf1 g5 48.Ke2 Kg7 49.Kd3 Qd6+ 50.Kc2 Qa3
51.Kb1 Kg6 52.h4 Kh5 53.hxg5 hxg5 54.Qd7 Kg6 55.Qe8+ Kh6 56.Qh8+ Kg6 57.Qb2 Qe7
58.a3 g4 59.b4 gxf3 60.gxf3 axb4 61.axb4 Qe1+ 62.Ka2 Qe6+ 63.Qb3 Qe2+ 64.Ka3 Qa6+
65.Kb2 Qb6 66.Qg8+ Kf6 67.Qf8+ Ke5 68.Qe7+ Kf5 69.Qc5+ Qxc5 70.bxc5 Ke5 71.Kc3 Kd5
72.Kb4  1-0

[Event "43rd Sparkassen Open"]
[Site "Dortmund GER"]
[Date "2015.06.28"]
[Round "2.4"]
[White "Gijsen,S"]
[Black "Starostits,I"]
[Result "1/2-1/2"]
[WhiteElo "2169"]
[BlackElo "2443"]

1.d4 d5 2.c4 dxc4 3.e4 Nf6 4.e5 Nd5 5.Bxc4 c6 6.Nc3 Nxc3 7.bxc3 Qa5 8.Qb3 e6
9.Nf3 b5 10.Bd3 Nd7 11.Ng5 Be7 12.Ne4 O-O 13.Bg5 Ba3 14.O-O Ba6 15.Qd1 b4
16.c4 Bb2 17.Nf6+ Nxf6 18.Bxf6 gxf6 19.Qg4+ Kh8 20.Qh4 f5 21.Qf6+ Kg8 22.Qg5+  1/2-1/2

[Event "Visma GM 2015"]
[Site "Vaxjo SWE"]
[Date "2015.06.28"]
[Round "8.1"]
[White "Johansson,Linus"]
[Black "Rusev,K"]
[Result "0-1"]
[WhiteElo "2391"]
[BlackElo "2541"]

1.d4 d5 2.c4 dxc4 3.e4 b5 4.a4 c6 5.b3 e5 6.bxc4 bxc4 7.dxe5 Qa5+ 8.Bd2 Qxe5
9.Nc3 Bb4 10.Nf3 Qc5 11.Be2 Bg4 12.O-O Nd7 13.e5 Qa5 14.Ng5 Be6 15.Nxe6 fxe6
16.Bxc4 Bxc3 17.Bxc3 Qxc3 18.Rc1 Qa5 19.Qg4 Ne7 20.Bxe6 Rd8 21.Qxg7 Rf8 22.Qxh7 Nxe5
23.f4 Nd3 24.f5 Rd6 25.Rb1 Nb4 26.Qh5+ Kd8 27.Qh4 Qc5+ 28.Kh1 a5 29.Rfd1 Rxd1+
30.Rxd1+ Kc7 31.h3 Kb6 32.Rd7 Ned5 33.Qh7 Qc1+ 34.Kh2 Qf4+ 35.Kh1 Qf1+ 36.Kh2 Qf4+
37.Kh1 Rb8 38.Qg7 Kc5 39.Qg4 Qxg4 40.hxg4 Nd3 41.g5 Ne5 42.Ra7 Ng4 43.Rxa5+ Kd4  0-1

[Event "43rd Sparkassen Open"]
[Site "Dortmund GER"]
[Date "2015.06.30"]
[Round "4.3"]
[White "Bomans,A"]
[Black "Starostits,I"]
[Result "0-1"]
[WhiteElo "2269"]
[BlackElo "2443"]

1.d4 d5 2.c4 dxc4 3.e4 b5 4.a4 c6 5.Nc3 b4 6.Na2 Nf6 7.f3 e5 8.dxe5 Qxd1+
9.Kxd1 Nfd7 10.Bxc4 Nxe5 11.Be2 Be6 12.f4 Bb3+ 13.Ke1 Nc4 14.Bd1 Bxd1 15.Kxd1 Na6
16.b3 Na5 17.Kc2 Nc5 18.Be3 Nxe4 19.Nf3 c5 20.Rad1 c4 21.Rd5 cxb3+ 22.Kd3 Rd8
23.Kxe4 Rxd5 24.Kxd5 bxa2 25.Bd4 b3 26.Re1+ Kd8 27.Ne5 Ba3 28.Nxf7+ Kd7 29.Re6 b2
30.Ne5+ Kc7 31.Nc4 Rd8+  0-1

[Event "Duras BVK Open 2015"]
[Site "Brno CZE"]
[Date "2015.07.01"]
[Round "5.1"]
[White "Nurkiewicz,M"]
[Black "Snorek,M"]
[Result "1-0"]
[WhiteElo "2370"]
[BlackElo "2063"]

1.d4 d5 2.c4 dxc4 3.e4 Nf6 4.e5 Nd5 5.Bxc4 Nb6 6.Bd3 Nc6 7.Be3 Be6 8.Nc3 Qd7
9.Nge2 O-O-O 10.O-O Nb4 11.Be4 Kb8 12.Nf4 Bc4 13.Re1 e6 14.b3 Bd5 15.a3 Bxe4
16.Nxe4 N4d5 17.Nd3 Nxe3 18.fxe3 Be7 19.Qf3 Rhf8 20.Nec5 Bxc5 21.Nxc5 Qd5
22.Rf1 Qxf3 23.Rxf3 Rde8 24.Raf1 Re7 25.Rh3 h6 26.Rg3 Rg8 27.Ne4 g6 28.Rh3 Nd5
29.Nf6 Nxf6 30.exf6 Rd7 31.Rxh6 c5 32.dxc5 Kc7 33.Rh7 Kc6 34.b4 Rc8 35.Kf2 Kb5
36.Ke2 Ka4 37.Rd1 Rcd8 38.Rxd7 Rxd7 39.h4 Kxa3 40.g4 Kxb4 41.g5 Kxc5 42.h5 Rd5
43.hxg6 fxg6 44.e4 Rd8 45.Rxb7 a5 46.Ke3 e5 47.Re7 a4 48.Rxe5+ Kb4 49.Rd5 Ra8
50.e5 a3 51.f7 a2 52.Rd1  1-0

[Event "Int Open ch-SVK 2015"]
[Site "Banska Stiavnica SVK"]
[Date "2015.07.04"]
[Round "1.35"]
[White "Zpevakova,J"]
[Black "Jancsy,Peter"]
[Result "1-0"]
[WhiteElo "2030"]
[BlackElo "1598"]

1.d4 d5 2.c4 dxc4 3.e4 e5 4.Nf3 exd4 5.Bxc4 Nc6 6.O-O Bg4 7.a3 Ne5 8.Nbd2 Bxf3
9.Nxf3 Nxf3+ 10.Qxf3 Qf6 11.Qb3 O-O-O 12.Bxf7 Nh6 13.Be6+ Kb8 14.Bd5 Qb6
15.Qd3 Ng4 16.Bg5 Rd7 17.Qh3 h5 18.b4 Be7 19.Bd2 Bf6 20.a4 c6 21.Be6 Rdd8
22.a5 Qc7 23.Rac1 Be5 24.f4 Qe7 25.Bc4 Bd6 26.Qd3 Bxb4 27.Bxb4 Qxb4 28.a6 b6
29.e5 Ne3 30.Qg6 Qe7 31.Rfe1 Rh6 32.Qd3 c5 33.Qe4 Rd7 34.Be2 Qe6 35.Bf3 Qd5
36.Rxe3 Qxe4 37.Rxe4 b5 38.Rxc5 Rxa6 39.Rxb5+ Kc7 40.Re1 h4 41.Rd1 Ra4 42.f5 d3
43.Rb7+ Kd8 44.Rxd7+ Kxd7 45.Rxd3+ Ke7 46.Rc3 Ra5 47.Rc7+ Kf8 48.e6 Rxf5
49.e7+  1-0

[Event "County Championship Final"]
[Site "Warwick ENG"]
[Date "2015.07.04"]
[Round "1.6"]
[White "Hackner,Oskar A"]
[Black "Spink,B"]
[Result "1-0"]
[WhiteElo "2162"]
[BlackElo "2059"]

1.d4 d5 2.c4 dxc4 3.e4 Nc6 4.Nf3 Bg4 5.Bxc4 e6 6.d5 exd5 7.Bxd5 Qf6 8.Qa4 Bb4+
9.Bd2 Bxd2+ 10.Nbxd2 Ne7 11.e5 Qg6 12.Be4 Qh5 13.O-O O-O 14.Rfe1 Rfd8 15.Rac1 a6
16.Nb3 Bxf3 17.Bxf3 Qh6 18.Qa3 Nd5 19.e6 fxe6 20.Nc5 Nd4 21.Bg4 Nf4 22.Qe3 b6
23.Nxe6 Ndxe6 24.Bxe6+ Nxe6 25.Qxh6 gxh6 26.Rxe6 Rd2 27.h4 Rf8 28.Rxc7 Rfxf2
29.Re8+ Rf8 30.Rxf8+ Kxf8 31.Rxh7 Rxb2 32.Rxh6 Kg7 33.Rc6 a5 34.a4 Rb4 35.g3 Rxa4
36.Rxb6 Ra2 37.Ra6 Kh7 38.h5 Kg7 39.g4 Ra4 40.Rg6+ Kh7 41.Kg2 Ra3 42.Ra6 Kg7
43.g5 Kf7 44.h6  1-0

[Event "ch-NOR 2015"]
[Site "Oslo NOR"]
[Date "2015.07.05"]
[Round "2.3"]
[White "Elsness,F"]
[Black "Christiansen,Johan-Sebastian"]
[Result "1/2-1/2"]
[WhiteElo "2434"]
[BlackElo "2409"]

1.d4 d5 2.c4 dxc4 3.e4 Nf6 4.e5 Nd5 5.Bxc4 Nb6 6.Bd3 Nc6 7.Be3 Nb4 8.Be4 f5
9.a3 fxe4 10.axb4 e6 11.Qh5+ g6 12.Qg4 Bxb4+ 13.Nc3 Nd5 14.Ne2 Qe7 15.O-O Bd7
16.Nxe4 Qf7 17.N2g3 Be7 18.Bh6 Bf8 19.Bg5 Be7 20.Bh6 Bf8 21.Bg5 Be7 22.Bxe7 Qxe7
23.Nc3 O-O 24.Nge4 Kg7 25.Qg3 Nb6 26.Nf6 Bc6 27.Rfd1 Nd7 28.d5 exd5 29.Nfxd5 Qxe5
30.Qxe5+ Nxe5 31.Nxc7 a6 32.Nxa8 Rxa8 33.Rd4 Rf8 34.Re1 Rf5 35.f4 Nf7 36.g4 Rc5
37.Kf2 g5 38.Kg3 h5 39.gxh5 Nh6 40.Rd2 gxf4+ 41.Kxf4 Rf5+ 42.Ke3 Re5+ 43.Kf2 Ng4+
44.Kf1 Ne3+ 45.Kf2 Ng4+ 46.Kf1 Ne3+ 47.Kg1 Rg5+ 48.Kf2 Nc4 49.Re7+ Kf6 50.Rde2 Rg2+
51.Ke1 Rg1+ 52.Kf2 Rg2+ 53.Ke1 Rg1+ 54.Kf2 Rg2+  1/2-1/2

[Event "12th South Wales Int 2015"]
[Site "Cardiff WLS"]
[Date "2015.07.13"]
[Round "5.5"]
[White "Arkell,K"]
[Black "Young,Al"]
[Result "1/2-1/2"]
[WhiteElo "2502"]
[BlackElo "2019"]

1.d4 d5 2.c4 dxc4 3.e4 e5 4.Nf3 exd4 5.Qxd4 Qxd4 6.Nxd4 Nf6 7.f3 Bc5 8.Nb5 Na6
9.Bf4 Be6 10.Nd2 O-O-O 11.Bxc4 Bxc4 12.Nxc4 Rhe8 13.Nc3 Nb4 14.Ke2 Nfd5 15.Nxd5 Nxd5
16.Bg3 f5 17.Nd2 Bb4 18.Rhd1 Bxd2 19.Rxd2 fxe4 20.f4 g6 21.h3 b6 22.Bh2 e3
23.Rdd1 c5 24.Rac1 Kb7 25.a3 Re4 26.g3 Rd4 27.Bg1 Re8 28.Rxd4 cxd4 29.Kd3 Ne7
30.Kxd4 Nf5+ 31.Kd3 Rd8+ 32.Ke2 Rd2+ 33.Kf3 e2 34.Re1 Rxb2 35.g4 Nd6 36.Rxe2 Rxe2
37.Kxe2 Kc6 38.Kd3 Kd5 39.Bd4 Ke6 40.Be5 b5 41.Bd4 a6 42.Bc3 Kd5 43.Bb4 Nc4
44.Bf8 Nb2+ 45.Kc2 Nc4 46.Kd3 a5 47.Be7 Nd6 48.Bd8 Nc4 49.Be7 Nd6 50.Bd8 Nc4
51.Be7  1/2-1/2

[Event "Science Park Open A 2015"]
[Site "Amsterdam NED"]
[Date "2015.07.15"]
[Round "5.2"]
[White "De Ruiter,D"]
[Black "Jonkman,H"]
[Result "0-1"]
[WhiteElo "2305"]
[BlackElo "2425"]

1.d4 d5 2.c4 dxc4 3.e4 Nf6 4.e5 Nd5 5.Bxc4 Nb6 6.Bd3 Nc6 7.Ne2 Bg4 8.f3 Bh5
9.Nbc3 e6 10.Be3 Bg6 11.Be4 Bxe4 12.Nxe4 Bb4+ 13.Kf2 Nd5 14.Qd3 Nxe3 15.Qxe3 Ba5
16.Nc5 Bb6 17.Nxb7 Qd5 18.Rhd1 Nxe5 19.Nf4 Ng4+ 20.fxg4 Qxb7 21.Qe5 O-O-O
22.Kg3 Kb8 23.b4 f6 24.Qxe6 Rhe8 25.Qf7 Re3+ 26.Kf2 Qe4 27.g3 Rxd4 28.Kg1 Rxd1+
29.Rxd1 Re1+  0-1

[Event "Science Park Open A 2015"]
[Site "Amsterdam NED"]
[Date "2015.07.18"]
[Round "8.4"]
[White "Brink,B"]
[Black "Vedder,R"]
[Result "1-0"]
[WhiteElo "2284"]
[BlackElo "2235"]

1.d4 d5 2.c4 dxc4 3.e4 Nf6 4.e5 Nd5 5.Bxc4 Nb6 6.Bd3 Nc6 7.Ne2 Nb4 8.Be4 f5
9.exf6 exf6 10.Nf4 g6 11.O-O Bd6 12.Qb3 Bxf4 13.Bxf4 N4d5 14.Re1 Kf8 15.Bh6+ Kf7
16.Nc3 Be6 17.Bf3 c6 18.Ne4 Qc7 19.Nc5 Rhe8 20.Nxe6 Rxe6 21.Rxe6 Kxe6 22.Bd2 Kf7
23.a4 Rd8 24.Rc1 Qe7 25.a5 Nc8 26.a6 Nb6 27.Ba5 Kg7 28.Bxd5 Rxd5 29.Bxb6 axb6
30.a7 Ra5 31.Qxb6 Ra2 32.g3 Kh6 33.h4 Qe2 34.Rf1 Qa6 35.Qd8 Qxa7 36.Qf8+ Kh5
37.Qxf6 Ra5 38.Qf3+ Kh6 39.Qf8+ Kh5 40.Qe7 b6 41.Qe3 Rd5 42.Re1 Qf7 43.Kg2 g5
44.hxg5 Rf5 45.f4 Kg6 46.Qe6+ Kg7 47.Qxf7+ Kxf7 48.Re5  1-0

[Event "ch-Francophonie 2015"]
[Site "Montreal CAN"]
[Date "2015.07.18"]
[Round "2.11"]
[White "Sarkar,J"]
[Black "Sanon,M"]
[Result "1-0"]
[WhiteElo "2411"]
[BlackElo "2007"]

1.d4 d5 2.c4 dxc4 3.e4 e6 4.Bxc4 Bb4+ 5.Nc3 c6 6.Ne2 b5 7.Bd3 Ne7 8.O-O O-O
9.a4 bxa4 10.Nxa4 a5 11.Be3 Ba6 12.Bxa6 Nxa6 13.Nf4 Qc7 14.Qg4 Bd6 15.e5 Bb4
16.Nh5 Ng6 17.f4 Qe7 18.Rac1 Rac8 19.Nb6 Rc7 20.Qe2 Nb8 21.g4 f5 22.exf6 gxf6
23.f5 Nh8 24.Bh6 e5 25.Bxf8 Kxf8 26.Nxf6 Qxf6 27.Qxe5 Qxe5 28.dxe5 Bd2 29.Rcd1 Be3+
30.Kg2 Bg5 31.f6 Rb7 32.Rd8+ Kf7 33.Nc4 Rb4 34.Nd6+ Ke6 35.Re8+ Kd5 36.Rd1+ Kc5
37.Rxh8 Rxb2+ 38.Kf3 Rb3+ 39.Ke4 Nd7 40.Kf5 Rf3+ 41.Kxg5 Nxe5 42.Ne4+ Kb6
43.Rb1+  1-0